Statistics for Χώρες του κόσμου με κενό χάρτη

Click here to take the quiz!

General Stats

  • This quiz has been taken 211 times
  • The average score is 145 of 196

Answers on the Map

Answers color-coded by a green-red scale on the quiz's map according to % correct below.
 

Answer Stats

Answer% Correct
Ελλάδα
97%
Ελβετία
96%
Τουρκία
96%
Κίνα
95%
Ισπανία
95%
Γερμανία
95%
Γαλλία
95%
Ρωσία
95%
Αργεντινή
94%
Καναδάς
94%
Βραζιλία
94%
Βουλγαρία
94%
Ιταλία
94%
Ηνωμένο Βασίλειο
94%
Ηνωμένες Πολιτείες της Αμερικής
94%
Αλβανία
94%
Σουηδία
93%
Μεξικό
93%
Ιαπωνία
93%
Κροατία
93%
Ινδία
93%
Σερβία
93%
Ιράν
93%
Ιράκ
93%
Πολωνία
93%
Αυστραλία
93%
Δανία
92%
Μαρόκο
92%
Αυστρία
92%
Πορτογαλία
92%
Ρουμανία
91%
Ουρουγουάη
91%
Ουκρανία
91%
Ουγγαρία
90%
Σλοβακία
90%
Τσεχία
90%
Πακιστάν
90%
Αίγυπτος
90%
Μογγολία
89%
Ισλανδία
89%
Λευκορωσία
89%
Νορβηγία
89%
Σλοβενία
89%
Ιρλανδία
88%
Χιλή
88%
Κύπρος
88%
Καζακστάν
88%
Κολομβία
88%
Βόρεια Κορέα
88%
Συρία
88%
Μαυροβούνιο
87%
Νότια Κορέα
87%
Περού
87%
Φινλανδία
87%
Νότια Αφρική
87%
Μάλτα
87%
Βατικανό
87%
Βέλγιο
87%
Εσθονία
87%
Βοσνία και Ερζεγοβίνη
86%
Λετονία
86%
Βόρεια Μακεδονία
86%
Γεωργία
85%
Παραγουάη
85%
Λουξεμβούργο
84%
Μαδαγασκάρη
84%
Ινδονησία
84%
Λιβύη
84%
Αλγερία
84%
Σαουδική Αραβία
84%
Κατάρ
82%
Σουδάν
82%
Νέα Ζηλανδία
82%
Κούβα
82%
Κόσοβο
82%
Φιλιππίνες
82%
Αρμενία
82%
Λιθουανία
82%
Ολλανδία
81%
Ισραήλ
81%
Νιγηρία
80%
Ανδόρρα
80%
Εκουαδόρ
80%
Δημοκρατία του Κονγκό
80%
Λαϊκή Δημοκρατία του Κονγκό
80%
Ιορδανία
80%
Αφγανιστάν
79%
Αιθιοπία
79%
Ηνωμένα Αραβικά Εμιράτα
79%
Βιετνάμ
78%
Ουζμπεκιστάν
78%
Ταϊλάνδη
78%
Κόστα Ρίκα
78%
Μολδαβία
77%
Τατζικιστάν
77%
Τυνησία
77%
Κένυα
77%
Αζερμπαϊτζάν
77%
Λάος
77%
Γκάνα
77%
Τουρκμενιστάν
77%
Βολιβία
76%
Βενεζουέλα
76%
Ομάν
76%
Παναμάς
76%
Νεπάλ
75%
Μονακό
75%
Νίγηρας
75%
Τανζανία
75%
Γουατεμάλα
75%
Υεμένη
74%
Σομαλία
74%
Μπαγκλαντές
73%
Νικαράγουα
73%
Μάλι
73%
Λιβανος
73%
Λίχτενσταϊν
73%
Σρι Λάνκα
71%
Γουινέα
71%
Σαν Μαρίνο
71%
Μαλαισία
70%
Ουγκάντα
70%
Αϊτή
70%
Ακτή Ελεφαντοστού
70%
Ονδούρα
69%
Σιγκαπούρη
69%
Σουρινάμ
69%
Τζαμάικα
68%
Κουβέιτ
68%
Νότιο Σουδάν
68%
Ζιμπάμπουε
68%
Κιργιστάν
68%
Δομίνικα
68%
Ζάμπια
67%
Μαυριτανία
67%
Ελ σαλβαδόρ
67%
Γουιάνα
67%
Καμερούν
67%
Καμπότζη
67%
Ανγκόλα
67%
Ερυθραία
66%
Μοζαμβίκη
66%
Τσάντ
66%
Μπαχρέιν
66%
Μαλδίβες
65%
Μπαχάμες
65%
Μπουτάν
65%
Γκαμπόν
65%
Μιανμάρ
65%
Σενεγάλη
64%
Ναμίμπια
64%
Παπούα Νέα Γουινέα
64%
Φίτζι
64%
Μποτσουάνα
63%
Ταιβάν
62%
Λεσότο
61%
Γκάμπια
61%
Μικρονησία
61%
Δομινικανή Δημοκρατία
60%
Τουβαλού
60%
Μπελίζ
59%
Βανουάτου
59%
Κεντροαφρικανική Δημοκρατία
59%
Τρινιντάντ και Τομπάγκο
58%
Σεϋχέλλες
57%
Μπαρμπάντος
56%
Ρουάντα
56%
Αγία λουκία
55%
Τόγκο
55%
Αντίγκουα και Μπαρμπούντα
54%
Πράσινο Ακρωτήριο
49%
Μαυρίκιος
49%
Λιβερία
48%
Μπουρκίνα Φάσο
48%
Ανατολικό Τιμόρ
48%
Ισημερινή Γουινέα
48%
Τόνγκα
47%
Μπενίν
45%
Γρενάδα
45%
Μαλαόυι
44%
Άγιος βικέντιος και οι γρεναδίνες
43%
Σαμόα
43%
Νήσοι Μάρσαλ
43%
Μπρουνέι
43%
Άγιος χριστόφορος και νέβις
43%
Κιριμπάτι
43%
Εσουατίνι
42%
Ναουρού
42%
Κομόρες
42%
Γουινέα-Μπισσάου
42%
Σιέρα Λεόνε
41%
Τζιμπουτί
41%
Παλάου
41%
Μπουρουντί
41%
Νήσοι Σολομώντα
41%
Σάο Τομέ και Πρίνσιπε
40%

Score Distribution

Percentile by Number Answered

Percent of People with Each Score

Your Score History

You have not taken this quiz